| 000 | 00559nam a2200205 a 4500 | ||
|---|---|---|---|
| 001 | 3090 | ||
| 003 | CDMR | ||
| 005 | 20131029170914.0 | ||
| 008 | 130130s1982||||||||||||||||||||||||||||d | ||
| 020 | _a8486153018 | ||
| 040 |
_aCDMR _bcat _cCDMR |
||
| 100 | 1 |
_aFagoaga, Concha _92254 |
|
| 245 | 1 | 0 |
_aPeriodismo interpretativo _b: el anĂ¡lisis de la noticia _cConcha Fagoaga |
| 260 |
_aBarcelona _c1982 _bMitre |
||
| 300 | _a127 p. | ||
| 490 | 0 | _aTextos de Periodismo | |
| 650 | 0 | 4 |
_93352 _aReportatges |
| 650 | 0 | 4 |
_93219 _aPeriodisme _xObjectivitat |
| 942 |
_cMON _2ddc |
||
| 999 |
_c3090 _d3090 |
||